| 000 | 00932nam a22002537a 4500 | ||
|---|---|---|---|
| 005 | 20170123162339.0 | ||
| 010 | _aB-012689 | ||
| 020 | _c150.00 | ||
| 035 | _aB-012689 | ||
| 037 | _bCen Lib/Ret | ||
| 040 |
_aDPL _bUR |
||
| 082 |
_a840.8 _bع ل و |
||
| 100 |
_aعلوی، وارث _9126333 |
||
| 245 |
_aبورژوارژی بورژوارژی : _cوارث علوی _bادبی تنقیدی مضامین / |
||
| 246 |
_aBourgeoisie Bourgeoisie : adabi tanqeedi mazameen / _bby Varis Alavi |
||
| 260 |
_aنیی دہلی _bموڈرن پبلشنگ ہاؤس _c1999 |
||
| 270 |
_bنیی دہلی _a٩، گولہ مارکیٹ دریاگنج _e110002 |
||
| 300 |
_a144p. _c21cm(Hb) |
||
| 650 |
_a ادب - اردو _9126334 |
||
| 650 |
_aاردو تنقیدی مضامین _9114356 |
||
| 650 |
_aLiterature -- Urdu _9126335 |
||
| 650 |
_aCritical urdu articles _9126336 |
||
| 942 |
_2ddc _cUR _h840.8 _mع ل و |
||
| 999 |
_c108389 _d108389 |
||